| 000 | 00998nac a22002777a 4500 | ||
|---|---|---|---|
| 001 | BR7803635 | ||
| 003 | BR-BrBNA | ||
| 005 | 20240105114232.0 | ||
| 008 | 230509b bl.|||m| |||| 00| 0 por d | ||
| 040 |
_aBR-BrBNA _bpor _cBiblioteca Nacional de Agricultura |
||
| 072 | _aF30 | ||
| 090 | _a1930 BR7803635 | ||
| 100 | 1 | _aSouto, S.M. | |
| 110 | 1 | _aEmpresa de Pesquisa Agropecuaria do Estado do Rio de Janeiro, Niteroi (Brasil) | |
| 245 | 1 | _aHibrido de brachiaria ou tangola [Capim angola; Brachiaria mutica; Capim tanner grass; Brachiaria radicans; Rio de Janeiro; Brasil] | |
| 260 | 3 |
_aNiteroi, RJ (Brasil): _c1978. |
|
| 300 | _a2 p. | ||
| 490 |
_aComunicado Tecnico - Empresa de Pesquisa Agropecuaria do Estado do Rio de Janeiro (Brazil) _vno. 6 _x |
||
| 650 | _aMelhoramento genetico vegetal | ||
| 650 | _aCapim angola | ||
| 650 | _aCapim tanner grass | ||
| 650 | _aHibrido | ||
| 650 | _aRio de Janeiro | ||
| 909 |
_a202312 _bLúcia Elande _c55 _dLúcia Elande |
||
| 942 |
_2AGRIS _n0 _cMS |
||
| 999 |
_c268181 _d268181 |
||